Catholicism Religion Quiz - Statistics

General Stats
  • This quiz has been taken 880 times
  • The average score is 15 of 20
Answer Stats
Hint Answer % Correct
Who is the leader of the Roman Catholic Church? Pope
98%
Where does the leader of the Roman Catholic Church reside? Vatican City
97%
Language spoken at Catholic masses until 1963 Latin
93%
Current leader of the Roman Catholic Church Francis I
91%
Country where Saint Patrick worked Ireland
89%
Place one might go after death instead of Hell, but before Heaven Purgatory
88%
Group of people not allowed to be priests Women
82%
First leader of the Roman Catholic Church Peter I
79%
Catholics believe Mary was perpetually this Virgin
79%
Seven Catholic Sacraments Baptism
78%
Seven Catholic Sacraments Eucharist
77%
Seven Catholic Sacraments Matrimony
72%
Which country has the highest number of Catholics? Brazil
69%
Seven Catholic Sacraments Confirmation
67%
Seven Catholic Sacraments Penance
66%
Term for people believed to be in Heaven Saint
66%
Roman Emperor who made Christianity the state religion Constantine I
63%
Seven Catholic Sacraments Holy Orders
44%
Seven Catholic Sacraments Anointing of the Sick
43%
Organization which interprets scripture and tradition from the modern perspective Magisterium
13%
No matching quizzes found
Score Distribution
Percent of People with Each Score
Percentile by Number Answered
Your Score History
You have not taken this quiz